000 00892nam a2200241 i 4500
001 78383
003 ES-MaACL
005 20250914151034.0
007 t|
008 041014s1964 sp ||||1| spa d
100 1 _aHatzfeld, Helmut.
_962079
245 1 0 _aEstudios sobre el Barroco /
_cHelmut Hatzfeld ; [versión castellana de Angela Figuera (del inglés), Carlos Claveria (del alemán) y M. Miniati (del italiano)].
260 _aMadrid :
_bGredos,
_c1964.
300 _a487 p. ;
_c21 cm.
490 1 _aBiblioteca románica hispánica
650 7 _aLiteratura barroca-
_xHistoria y crítica
_2
_9149215
700 1 _aMiniati, M.
_981360
700 1 _aClavería, Carlos,
_d1909-1974
_9149212
700 0 _aFiguera Aymerich, Angela,
_d1902-1984
_950755
830 0 _aBiblioteca románica hispánica
_9180746
852 _aES-MaACL
_jG-7303
_bR.53652
999 _c78383
_d78383